LEADER 01410nam0 22003011i 450 001 UON00464069 005 20231205105136.593 100 $a20160129d1957 |0itac50 ba 101 $arus 102 $aRU 105 $a|||| 1|||| 200 1 $a?urnal "Sovremennik"$eOrgan revoljucionnoj Demokratii$e?urnal'no-publicisti?ekaja dejatel'nost' N. G. ?erny?evskogo i N. A. Dobroljubova$elekcii, pro?itannye v Vys?ej partijnoj ?kole pri CK KPSS$fB. P. Koz'min 210 $a Moskva$cVys?aja partijnaja ?kola pri CK KPSS$d1957 215 $a82 p.$d20 cm. 606 $a?ERNY?EVSKIJ NIKOLAJ GAVRILOVI?$3UONC040394$2FI 606 $aDOBROLJUBOV NIKOLAJ ALEKSANDROVI?$3UONC038654$2FI 606 $aSOVREMENNIK (rivista)$3UONC086093$2FI 620 $aRU$dMoskva$3UONL003152 676 $a891.703$cLetteratura russa. 1800-1917$v21 676 $a947.081$cStoria della Russia. regno di Alessandro II, 1855-1881$v21 700 1$aKOZ'MIN$bBoris Pavlovi?$3UONV200897$0562439 712 $aVys?aja partijnaja ?kola pri CK KPSS$3UONV274522$4650 801 $aIT$bSOL$c20241213$gRICA 899 $aSIBA - SISTEMA BIBLIOTECARIO DI ATENEO$2UONSI 912 $aUON00464069 950 $aSIBA - SISTEMA BIBLIOTECARIO DI ATENEO$dSI RUSSO C 2152 $eSI MR 58405 7 2152 996 $a?urnal "Sovremennik"$91398247 997 $aUNIOR